| 000 | 00488nam a2200181Ia 4500 | ||
|---|---|---|---|
| 005 | 20250326124731.0 | ||
| 008 | 250326s9999 xx 000 0 und d | ||
| 037 | _aTextbook | ||
| 040 |
_aFMSL _beng _cFMSL |
||
| 041 |
_aeng _2eng |
||
| 084 |
_aX:89A L9 _qFMSL |
||
| 100 |
_aGedye R _9737886 |
||
| 245 | 0 |
_aWorks management and productivity _cGedye R |
|
| 260 |
_aLondon _bLondon, Heinemann _c1979 |
||
| 300 | _a315p | ||
| 942 |
_cTB _hX:89A L9 |
||
| 999 |
_c1274970 _d1274970 |
||